[Event "SVK-chT5 SE-SI 1415"]
[Site "Slovakia"]
[Date "2015.01.10"]
[Round "6.3"]
[White "Valigursky, Michal"]
[Black "Vasek, Rudolf"]
[Result "1/2-1/2"]
[WhiteElo "1446"]
[BlackElo "1470"]
[PlyCount "99"]
[EventDate "2014.10.18"]
[EventType "team-tourn"]
[EventRounds "11"]
[EventCountry "SVK"]
[SourceTitle "EXT 2022"]
[Source "ChessBase"]
[SourceDate "2021.10.06"]
[SourceVersion "1"]
[SourceVersionDate "2021.10.06"]
[SourceQuality "1"]
[WhiteTeam "Stefanov II"]
[BlackTeam "Senica Slovakia"]
[WhiteTeamCountry "SVK"]
[BlackTeamCountry "SVK"]

1. e4 c5 2. Nf3 d6 3. d4 Nd7 4. Bc4 e6 5. d5 e5 6. Nc3 a6 7. a4 Nb6 8. Bb3 Bd7 9. 0-0 Be7 10. Qd2 f6 11. Nh4 g6 12. f4 Bg4 13. h3 Bd7 14. f5 g5 15. Nf3 Nh6 16. Qe2 Nf7 17. Bd2 Nc8 18. Kh1 Na7 19. Bc4 a5 20. Bb5 b6 21. Nh2 h5 22. Kg1 Qc7 23. Rf3 Nxb5 24. Nxb5 Qc8 25. g4 h4 26. b3 Qb7 27. Nf1 0-0 28. Ne3 Rfc8 29. c4 Bxb5 30. cxb5 Rc7 31. Nc4 Kg7 32. Kg2 Qb8 33. Kg1 Rb7 34. Kg2 Qh8 35. Rh1 Bd8 36. Rc3 Bc7 37. Rf3 Qd8 38. Rc3 Qe7 39. Rf3 Rh8 40. Rc3 Rh7 41. Rf3 Rb8 42. Rc3 Rbh8 43. Rf3 Nh6 44. Rc3 Qf7 45. Qf3 Kf8 46. Qe2 Ke7 47. Qf3 Kd7 48. Qe2 Qg8 49. Qf3 Re7 50. Qe2 1/2-1/2

[Event "SVK-chT5 SE-SI 1415"]
[Site "Slovakia"]
[Date "2014.11.29"]
[Round "4.3"]
[White "Vasek, Rudolf"]
[Black "Kastler, Peter"]
[Result "0-1"]
[WhiteElo "1470"]
[BlackElo "1757"]
[PlyCount "76"]
[EventDate "2014.10.18"]
[EventType "team-tourn"]
[EventRounds "11"]
[EventCountry "SVK"]
[SourceTitle "EXT 2022"]
[Source "ChessBase"]
[SourceDate "2021.10.06"]
[SourceVersion "1"]
[SourceVersionDate "2021.10.06"]
[SourceQuality "1"]
[WhiteTeam "Senica Slovakia"]
[BlackTeam "Gbely Nafta III"]
[WhiteTeamCountry "SVK"]
[BlackTeamCountry "SVK"]

1. d4 d5 2. f4 Nf6 3. Nc3 Bf5 4. Nf3 h6 5. e3 e6 6. Bd3 Bxd3 7. Qxd3 Nbd7 8. 0-0 c5 9. b3 a6 10. e4 dxe4 11. Nxe4 cxd4 12. Nxf6+ Nxf6 13. Bb2 Be7 14. Rad1 0-0 15. Qxd4 Qc7 16. b4 Qxc2 17. Rc1 Qe4 18. a3 Qxd4+ 19. Bxd4 Nd5 20. g3 Bf6 21. Bxf6 gxf6 22. Rfe1 Rac8 23. Kf2 Nb6 24. Nd2 Rfd8 25. Ke2 Kf8 26. Rxc8 Rxc8 27. Kd3 Ke7 28. Rb1 Nd5 29. Ne4 b6 30. Rb3 Rd8 31. Ke2 Rc8 32. Kd2 f5 33. Nc3 Nxc3 34. Rxc3 Rxc3 35. Kxc3 b5 36. Kd4 Kd6 37. h3 h5 38. Kd3 Kd5 0-1

[Event "SVK-chT5 SE-SI 1415"]
[Site "Slovakia"]
[Date "2014.10.25"]
[Round "2.3"]
[White "Vasek, Rudolf"]
[Black "Petras, Michal"]
[Result "1/2-1/2"]
[WhiteElo "1470"]
[BlackElo "1255"]
[PlyCount "77"]
[EventDate "2014.10.18"]
[EventType "team-tourn"]
[EventRounds "11"]
[EventCountry "SVK"]
[SourceTitle "EXT 2022"]
[Source "ChessBase"]
[SourceDate "2021.10.06"]
[SourceVersion "1"]
[SourceVersionDate "2021.10.06"]
[SourceQuality "1"]
[WhiteTeam "Senica Slovakia"]
[BlackTeam "Sastin Straze"]
[WhiteTeamCountry "SVK"]
[BlackTeamCountry "SVK"]

1. e4 d5 2. Bd3 c6 3. e5 e6 4. Nf3 Bc5 5. c3 Nd7 6. Bc2 f6 7. d4 Bb6 8. Bf4 Bc7 9. Bg3 Qe7 10. h4 Nb6 11. Nbd2 fxe5 12. Nxe5 Bxe5 13. Bxe5 Nd7 14. f4 Nxe5 15. fxe5 Bd7 16. Qh5+ Qf7 17. Qxf7+ Kxf7 18. Rf1+ Ke7 19. 0-0-0 Nh6 20. Rf4 g6 21. Rdf1 Rhf8 22. g3 Rxf4 23. gxf4 Rf8 24. Kd1 Nf5 25. Bxf5 gxf5 26. Rg1 Be8 27. Ke1 h6 28. Rg7+ Rf7 29. Rxf7+ Bxf7 30. Kf2 Kf8 31. Kg3 Kg7 32. b4 Bh5 33. a4 Bd1 34. a5 Be2 35. Nb3 b6 36. Nd2 Kg6 37. axb6 axb6 38. Kf2 Ba6 39. Kg3 1/2-1/2

[Event "SVK-chT5 SE-SI 1213"]
[Site "Slovakia"]
[Date "2013.02.09"]
[Round "11.3"]
[White "Vasek, Rudolf"]
[Black "Kaufman, Robert"]
[Result "1-0"]
[WhiteElo "1453"]
[BlackElo "1041"]
[PlyCount "65"]
[EventDate "2012.10.06"]
[EventType "team-tourn"]
[EventRounds "14"]
[EventCountry "SVK"]
[SourceTitle "EXT 2022"]
[Source "ChessBase"]
[SourceDate "2021.10.06"]
[SourceVersion "1"]
[SourceVersionDate "2021.10.06"]
[SourceQuality "1"]
[WhiteTeam "Senica Slovakia"]
[BlackTeam "Senica CVC III"]
[WhiteTeamCountry "SVK"]
[BlackTeamCountry "SVK"]

1. d4 d5 2. f4 Nc6 3. Nf3 Bf5 4. c3 e6 5. e3 Bd6 6. Bd3 Bxd3 7. Qxd3 Nf6 8. 0-0 0-0 9. g3 Ne4 10. Nbd2 f5 11. Ne5 Nxe5 12. fxe5 Be7 13. Nf3 Bg5 14. Kg2 Qe8 15. Nxg5 Nxg5 16. Qe2 Ne4 17. h4 Qg6 18. Qf3 Rf7 19. Kh3 Raf8 20. Rg1 f4 21. exf4 Qh6 22. Kg2 Rf5 23. Qg4 Rh5 24. Be3 g5 25. fxg5 Qg6 26. Raf1 Rxf1 27. Rxf1 b6 28. Qf3 Qg7 29. Qxh5 h6 30. Qe8+ Kh7 31. Rf7 hxg5 32. Rxg7+ Kxg7 33. hxg5 1-0

[Event "SVK-chT5 SE-SI 1213"]
[Site "Slovakia"]
[Date "2012.11.17"]
[Round "5.1"]
[White "Vasek, Rudolf"]
[Black "Klimes, Juraj"]
[Result "1/2-1/2"]
[WhiteElo "1453"]
[BlackElo "1611"]
[PlyCount "68"]
[EventDate "2012.10.06"]
[EventType "team-tourn"]
[EventRounds "14"]
[EventCountry "SVK"]
[SourceTitle "EXT 2022"]
[Source "ChessBase"]
[SourceDate "2021.10.06"]
[SourceVersion "1"]
[SourceVersionDate "2021.10.06"]
[SourceQuality "1"]
[WhiteTeam "Senica Slovakia"]
[BlackTeam "Stefanov II"]
[WhiteTeamCountry "SVK"]
[BlackTeamCountry "SVK"]

1. d4 d6 2. f4 Nf6 3. c3 g6 4. Nf3 Bg7 5. Qb3 0-0 6. e3 Nbd7 7. Bd3 e6 8. 0-0 c5 9. Qd1 d5 10. Ne5 c4 11. Bc2 Ne4 12. Bxe4 dxe4 13. Nxc4 b5 14. Ncd2 f5 15. Rf2 Qh4 16. Nf1 Nf6 17. g3 Qh3 18. Rg2 Ng4 19. Qe1 Bb7 20. Na3 a6 21. Nc2 h5 22. Bd2 Bd5 23. b3 Kf7 24. Nb4 Rh8 25. Nxd5 exd5 26. Qe2 Rh7 27. Be1 Bf6 28. Rc1 Ke6 29. Rc2 Rc7 30. c4 Rac8 31. c5 Rc6 32. b4 Rh8 33. a3 Rh7 34. Ra2 Rb7 1/2-1/2

[Event "SVK-chT5 SE-SI 1213"]
[Site "Slovakia"]
[Date "2012.10.20"]
[Round "3.1"]
[White "Vasek, Rudolf"]
[Black "Jarabek, Milan"]
[Result "1/2-1/2"]
[WhiteElo "1453"]
[BlackElo "1663"]
[PlyCount "113"]
[EventDate "2012.10.06"]
[EventType "team-tourn"]
[EventRounds "14"]
[EventCountry "SVK"]
[SourceTitle "EXT 2022"]
[Source "ChessBase"]
[SourceDate "2021.10.06"]
[SourceVersion "1"]
[SourceVersionDate "2021.10.06"]
[SourceQuality "1"]
[WhiteTeam "Senica Slovakia"]
[BlackTeam "Skalica V"]
[WhiteTeamCountry "SVK"]
[BlackTeamCountry "SVK"]

1. f4 d5 2. d4 Nf6 3. Nf3 e6 4. c3 c5 5. e3 Nc6 6. Be2 Qb6 7. Qc2 cxd4 8. exd4 Ne4 9. Nbd2 f5 10. 0-0 Bd6 11. Ne5 Nxe5 12. fxe5 Bxe5 13. Nf3 Bd6 14. Kh1 Bd7 15. c4 dxc4 16. Bxc4 0-0 17. b3 Rac8 18. Be3 Qc7 19. Qb2 b5 20. Bd3 Qb7 21. Rac1 f4 22. Bg1 Qd5 23. Bxe4 Qxe4 24. Qd2 Ba3 25. Rce1 Qc2 26. Re2 Qxd2 27. Nxd2 Rc2 28. Rff2 Rxa2 29. Nf3 Rxe2 30. Rxe2 Bd6 31. Ra2 Bb8 32. h4 Rc8 33. Ne5 Bxe5 34. dxe5 Ra8 35. Rxa7 Rxa7 36. Bxa7 Kf7 37. b4 Kg6 38. Kh2 Kf5 39. Bb8 Kg4 40. Bd6 Kxh4 41. Be7+ Kg4 42. Bd6 g5 43. Kg1 f3 44. Kf2 fxg2 45. Kxg2 Bc6+ 46. Kh2 h5 47. Be7 Kf4 48. Bf6 g4 49. Kg1 g3 50. Bh4 g2 51. Bf6 Kg4 52. Kh2 h4 53. Be7 h3 54. Bd6 Kf3 55. Kg1 h2+ 56. Kxh2 Kf2 57. Bc5+ 1/2-1/2